| 000 | 00446nam a2200145Ia 4500 | ||
|---|---|---|---|
| 008 | 231129s2011||||xx |||||||||||||| ||spa|| | ||
| 020 | _a978-607-05-0104-3 | ||
| 040 | _bspa | ||
| 082 | _a370.1 G984i | ||
| 100 | _aGutiérrez Ma. Arcelia | ||
| 245 | 0 | _aInteligencias múltiples: Yo soy inteligente tú eres inteligente ¿todos somos inteligentes? | |
| 260 | _c2011 | ||
| 264 | _aLimusa | ||
| 942 |
_2ddc _cBKS |
||
| 999 |
_c15782 _d15782 |
||